000 00778nam a2200253Ia 4500
003 OSt
005 20221005120717.0
006 a|||||r|||| 00| 0
007 ta
008 221004b |||||||| |||| 00| 0 eng d
024 _a65320
037 _cTextual
040 _aCRL
_cCRL
_beng
041 _2eng
_aeng
082 _aX.5.N5, K5
100 _aClough Shepard B.
245 0 _aEuropean economic history
_b Documents and readings, major developments from the end of the middle ages to the present
260 _c1965
490 _aVan Nostrand anvil original ed. by Louis L. Snyder
650 _aECONOMICS
700 _a Moodie Carol Gayle
_9169902
942 _hX.5.N5, K5
_cTEXL
_2cc
999 _c1038905
_d1038905